000 01656cam a2200181 4500500
005 20251228094947.0
041 _afre
042 _adc
100 1 0 _aBouit, Delphine
_eauthor
245 0 0 _aLe centaure, la bacchante et le serpent
260 _c2013.
500 _a91
520 _aLa démesure est-elle inhérente à la nature humaine ? Un même souffle circule entre l’animal, l’humain et le divin. C’est ce que nous font découvrir les courses du centaure et de la bacchante. La signification du vécu existentiel est donnée par le serpent, un serpent lumineux comme celui de Goethe, qui peut se substituer au serpent, empêché, de Maurice de Guérin. Nous passons alors à l’harmonie.
520 _aIs excessiveness inherent to human nature ? The same breath flows between animals, humans, and gods : this is what the centaurs’ and bacchantes’ races lead us to discover. The snake, luminous as Goethe’s and able to substitute for Maurice de Guérin’s sinful serpent, provides the meaning for real-life existential experience. We can thus move on to harmony.
520 _aSerá a desmesura inerente à natureza humana ? Um mesmo sopro circula por entre o animal, o humano e o divino, como testemunham as corridas do centauro e da bacante. A significação existencial da experiência é simbolizada pela serpente ; serpente luminosa como a de Goethe, que substitui a serpente empedernida de Maurice de Guérin, e através da qual ascendemos à harmonia.
786 0 _nSigila | 32 | 2 | 2013-10-01 | p. 95-105 | 1286-1715
856 4 1 _uhttps://shs.cairn.info/revue-sigila-2013-2-page-95?lang=fr&redirect-ssocas=7080
999 _c1605227
_d1605227